[Event "FIDE World Blitz 2014"]
[Site "Dubai UAE"]
[Date "2014.06.20"]
[Round "13.17"]
[White "Van Wely, Loek"]
[Black "Tomashevsky, Evgeny"]
[Result "0-1"]
[WhiteTitle "GM"]
[BlackTitle "GM"]
[WhiteElo "2654"]
[BlackElo "2695"]
[WhiteFideId "1000268"]
[BlackFideId "4147235"]
[EventDate "2014.06.19"]

1. Nf3 d5 2. c4 d4 3. b4 Bg4 4. Qb3 c6 5. g3 Bxf3 6. exf3 a5 7. bxa5 Qc7 8. f4
Nd7 9. Ba3 e5 10. Bxf8 Nxf8 11. Bh3 exf4 12. O-O Ne7 13. Re1 Ng6 14. Qb6 Qxb6
15. axb6 Ra6 16. c5 Ra5 17. d3 Rxc5 18. Nd2 O-O 19. Nc4 Nd5 20. a4 Nb4 21. Rad1
Nxd3 22. Rxd3 Rxc4 23. a5 Ra4 24. Re4 Rxa5 25. Rdxd4 Rb5 26. gxf4 f5 27. Re3
Rxb6 28. Bf1 Rb1 29. Kg2 0-1

[Event "FIDE World Blitz 2014"]
[Site "Dubai UAE"]
[Date "2014.06.20"]
[Round "13.20"]
[White "Kasimdzhanov, Rustam"]
[Black "Svidler, Peter"]
[Result "0-1"]
[WhiteTitle "GM"]
[BlackTitle "GM"]
[WhiteElo "2700"]
[BlackElo "2753"]
[WhiteFideId "14200244"]
[BlackFideId "4102142"]
[EventDate "2014.06.19"]

1. g3 d5 2. Bg2 g6 3. e3 e5 4. b3 Bg7 5. Bb2 c5 6. Ne2 Ne7 7. O-O Nbc6 8. d3 O-O
9. Nd2 a5 10. a4 b6 11. Nc3 Be6 12. Nb5 f5 13. c4 Qd7 14. Qe2 Rad8 15. Rad1 d4
16. exd4 exd4 17. Rfe1 Bf7 18. Nf3 h6 19. Bc1 g5 20. h4 g4 21. Nh2 Ng6 22. h5
Nge5 23. f4 gxf3 24. Nxf3 Rde8 25. Qf1 Ng4 26. Nh4 Bxh5 27. Bd5+ Kh7 28. Qh3
Nce5 29. Bf4 Ne3 30. Bxe3 dxe3 31. Rxe3 Bxd1 0-1

[Event "FIDE World Blitz 2014"]
[Site "Dubai UAE"]
[Date "2014.06.20"]
[Round "13.22"]
[White "Matlakov, Maxim"]
[Black "Dubov, Daniil"]
[Result "1-0"]
[WhiteTitle "GM"]
[BlackTitle "GM"]
[WhiteElo "2689"]
[BlackElo "2614"]
[WhiteFideId "4168003"]
[BlackFideId "24126055"]
[EventDate "2014.06.19"]

1. Nf3 d6 2. d4 f5 3. g3 Nf6 4. Bg2 g6 5. O-O Bg7 6. c4 O-O 7. Nc3 c6 8. Rb1 a5
9. Qb3 Kh8 10. Rd1 Qc7 11. c5 Na6 12. cxd6 exd6 13. d5 Nc5 14. Qc2 f4 15. Bxf4
Bf5 16. Qc1 Bxb1 17. Qxb1 Nh5 18. Be3 Rae8 19. Bd4 Bxd4 20. Nxd4 Qf7 21. Rf1
cxd5 22. Bxd5 Qg7 23. Qd1 Nf6 24. Bf3 d5 25. e3 Nce4 26. Qd3 Qe7 27. Bg2 Qe5 28.
Qb5 Nxc3 29. bxc3 Qc7 30. a4 Ne4 31. Qxd5 Nxc3 32. Qb3 Ne4 33. Bxe4 Rxe4 34. Ne6
Qf7 35. Qc3+ Qf6 36. Nd4 b6 37. h4 h6 38. Qc2 Rxe3 39. Rd1 Re7 40. Nb5 Ref7 41.
Rd2 Kh7 42. h5 Qf5 43. hxg6+ Qxg6 44. Qd1 Rf6 45. Nc3 h5 46. Nd5 R6f7 47. Ne3 h4
48. Rd6 Rf6 49. Rd7+ R8f7 50. Rd4 Rf4 51. Rd6 R4f6 52. Rd4 Rf4 53. Rd6 R7f6 54.
Rd7+ Kh6 55. Qd5 Rf3 56. Qd2 Qb1+ 57. Nf1+ Kg6 58. Qe2 Qf5 59. Qe8+ Rf7 60. Qg8+
Kh6 61. Qh8+ Kg6 62. Qg8+ Kh6 63. Rd6+ Rf6 64. g4 Qg5 65. Qh8+ Kg6 66. Qg8+ Kh6
67. Qh8+ Kg6 68. Qg8+ Kh6 69. Qh8+ Kg6 70. Qe8+ Kg7 71. Qe7+ Kh6 72. Qf8+ Kh7
73. Qe7+ Qg7 74. Qe4+ Kh6 75. Qxf3 Rxd6 76. Qf4+ Kh7 77. Qxd6 Qxg4+ 78. Kh2 Qe2
79. Kg1 Qg4+ 80. Kh2 Qe2 81. Qc7+ Kg8 82. Qc8+ Kg7 83. Qc7+ Kg8 84. Qd8+ Kf7 85.
Qd5+ Kf8 86. Qf5+ Ke7 87. Ne3 1-0

[Event "FIDE World Blitz 2014"]
[Site "Dubai UAE"]
[Date "2014.06.20"]
[Round "13.23"]
[White "Fedoseev, Vladimir3"]
[Black "Najer, Evgeniy"]
[Result "1-0"]
[WhiteTitle "GM"]
[BlackTitle "GM"]
[WhiteElo "2662"]
[BlackElo "2653"]
[WhiteFideId "24130737"]
[BlackFideId "4118987"]
[EventDate "2014.06.19"]

1. Nf3 d5 2. g3 Bg4 3. Bg2 c6 4. O-O e6 5. d3 Nf6 6. Nbd2 Nbd7 7. e4 Bd6 8. Qe1
Qc7 9. b3 O-O 10. Bb2 e5 11. h3 Be6 12. Ng5 a5 13. a3 Kh8 14. Qe2 Rae8 15. Nxe6
fxe6 16. Nf3 Nc5 17. d4 dxe4 18. Nxe5 Bxe5 19. dxe5 Nfd7 20. Bxe4 a4 21. b4 Nxe4
22. Qxe4 b5 23. c4 Nb6 24. cxb5 cxb5 25. Bd4 Nc4 26. Rac1 Qf7 27. Bc5 Rg8 28.
Rfd1 Nxa3 29. Qc6 Rc8 30. Qb6 Rb8 31. Qc6 Rgc8 32. Qe4 Nc4 33. Bd6 Rb6 34. Bc5
Rbb8 35. Bd6 Rb6 36. Rc3 Rbc6 37. Rf3 Qg6 38. Qxc6 Nxd6 39. Qxc8+ 1-0

[Event "FIDE World Blitz 2014"]
[Site "Dubai UAE"]
[Date "2014.06.20"]
[Round "13.26"]
[White "Moradiabadi, Elshan"]
[Black "Inarkiev, Ernesto"]
[Result "0-1"]
[WhiteTitle "GM"]
[BlackTitle "GM"]
[WhiteElo "2586"]
[BlackElo "2682"]
[WhiteFideId "12501255"]
[BlackFideId "4162722"]
[EventDate "2014.06.19"]

1. e4 e5 2. Nf3 Nc6 3. Bb5 a6 4. Ba4 Nf6 5. O-O Be7 6. d3 d6 7. a3 O-O 8. Nc3
Bg4 9. Bxc6 bxc6 10. h3 Bd7 11. Nh2 d5 12. Nf3 Bd6 13. Bg5 h6 14. Bh4 d4 15. Ne2
g5 16. Bg3 Qe7 17. Nexd4 exd4 18. e5 Nh5 19. exd6 cxd6 20. Re1 Qf6 21. Nd2 Nxg3
22. fxg3 Rae8 23. Qh5 Bf5 24. Qf3 Qg6 25. g4 Bd7 26. Ne4 f5 27. gxf5 Bxf5 28.
Ng3 Bd7 29. Rxe8 Qxe8 30. Qe4 Qxe4 31. Nxe4 d5 32. Nc5 Bc8 33. b4 Re8 34. Kf2
Rf8+ 35. Ke1 h5 36. Rd1 g4 37. hxg4 hxg4 38. Nb3 Rf4 39. g3 Rf3 40. Nxd4 Rxg3
41. Kf2 Rh3 42. Rg1 Bd7 43. Rg3 Rh2+ 44. Ke3 Kf7 45. Rg1 Kf6 46. a4 Ke5 47. c3
Rh3+ 48. Kd2 g3 49. Ke3 g2+ 50. Kd2 Rg3 51. Ne2 Rg7 52. Ke3 Bh3 53. Kf2 Rg6 54.
Re1 Rf6+ 55. Kg3 Rf1 0-1

[Event "FIDE World Blitz 2014"]
[Site "Dubai UAE"]
[Date "2014.06.20"]
[Round "13.27"]
[White "Sandipan, Chanda"]
[Black "Savchenko, Boris"]
[Result "1/2-1/2"]
[WhiteTitle "GM"]
[BlackTitle "GM"]
[WhiteElo "2594"]
[BlackElo "2581"]
[WhiteFideId "5004225"]
[BlackFideId "4147332"]
[EventDate "2014.06.19"]

1. d4 Nf6 2. Nf3 e6 3. Bf4 b6 4. e3 Bb7 5. Bd3 Be7 6. h3 O-O 7. O-O d6 8. c4 c5
9. Nc3 Nbd7 10. Bh2 cxd4 11. exd4 a6 12. Qe2 Rc8 13. Rfe1 Rc7 14. d5 Nc5 15.
dxe6 fxe6 16. Bc2 Bxf3 17. Qxf3 Nfe4 18. Qe3 Nxc3 19. Qxc3 Bf6 20. Qe3 Bxb2 21.
Rab1 Qf6 22. Bxd6 Bd4 23. Qf3 Bxf2+ 24. Kh1 Qxf3 25. gxf3 Bxe1 26. Bxc7 Ba5 27.
Kg2 Kf7 28. Bxb6 Bxb6 29. Rxb6 Rd8 30. Kg3 Rd4 31. Rc6 Rxc4 32. Bxh7 g6 33. Rc7+
Kf6 34. Ra7 Rd4 35. Rc7 Nd7 36. Bg8 Rd6 37. a4 Ke7 38. Ra7 g5 39. a5 Kf6 40. Bh7
Nc5 41. Be4 Rd4 42. Rc7 Nxe4+ 43. fxe4 Rxe4 44. Rc6 Kf5 45. Rxa6 Re3+ 46. Kg2
Kf4 47. Ra8 Re2+ 48. Kf1 Ra2 49. a6 Kg3 50. a7 e5 51. h4 g4 52. h5 Kh2 53. Rg8
g3 54. Rg4 Ra1+ 55. Ke2 g2 56. h6 Ra2+ 57. Kf3 e4+ 58. Kxe4 Ra4+ 59. Kf5 Rxg4
60. h7 Rh4 61. a8=Q g1=Q 62. h8=Q Qb1+ 63. Ke6 Qb3+ 64. Kd6 Qb6+ 65. Ke7 Qc7+
66. Ke6 Qc4+ 67. Ke7 Qc5+ 68. Ke6 Qc4+ 69. Ke7 Qb4+ 70. Ke6 Qb3+ 71. Ke7 Qe3+
72. Kf7 Qf4+ 73. Ke7 Qe3+ 74. Kf7 Qb3+ 75. Ke7 Qb4+ 76. Kf7 Qc4+ 77. Ke7 Qc5+
78. Kf7 Qf5+ 79. Ke7 Qc5+ 80. Kf7 Qc7+ 81. Ke6 Qc4+ 82. Ke7 Qb4+ 83. Kf7 Qf4+
84. Ke7 Qc7+ 1/2-1/2

[Event "FIDE World Blitz 2014"]
[Site "Dubai UAE"]
[Date "2014.06.20"]
[Round "13.28"]
[White "Eljanov, Pavel"]
[Black "Michalik, Peter"]
[Result "1-0"]
[WhiteTitle "GM"]
[BlackTitle "GM"]
[WhiteElo "2723"]
[BlackElo "2557"]
[WhiteFideId "14102951"]
[BlackFideId "14907526"]
[EventDate "2014.06.19"]

1. d4 d5 2. c4 c6 3. Nf3 Nf6 4. Qb3 dxc4 5. Qxc4 Bf5 6. g3 e6 7. Bg2 Be7 8. O-O
O-O 9. e3 Nbd7 10. Rd1 Rc8 11. Qe2 Ne4 12. Ne1 Bg6 13. Nd3 Qb6 14. Nf4 Nd6 15.
Nc3 Rfd8 16. e4 e5 17. Nxg6 hxg6 18. Be3 Qa5 19. dxe5 Nxe5 20. f4 Nec4 21. Bf2
b5 22. e5 Nf5 23. Ne4 Rxd1+ 24. Rxd1 Qxa2 25. g4 Nh6 26. Nd6 Bxd6 27. exd6 Qb3
28. d7 Rd8 29. Qe8+ Kh7 30. Rf1 Nd2 31. Qxd8 Nxf1 32. Bxf1 Qd1 33. h3 f5 34. Qe8 1-0

[Event "FIDE World Blitz 2014"]
[Site "Dubai UAE"]
[Date "2014.06.20"]
[Round "13.29"]
[White "Durarbayli, Vasif"]
[Black "Guseinov, Gadir"]
[Result "0-1"]
[WhiteTitle "GM"]
[BlackTitle "GM"]
[WhiteElo "2590"]
[BlackElo "2613"]
[WhiteFideId "13402935"]
[BlackFideId "13401378"]
[EventDate "2014.06.19"]

1. e4 c5 2. Nf3 g6 3. d4 cxd4 4. Nxd4 Nc6 5. Nc3 Bg7 6. Be3 Nf6 7. Bc4 Qa5 8.
O-O O-O 9. h3 d6 10. Re1 Bd7 11. Bb3 Rac8 12. f4 Nxd4 13. Bxd4 Bc6 14. Qf3 Rfe8
15. Rad1 Nd7 16. Bxg7 Kxg7 17. Qf2 Qc5 18. Qd4+ Qxd4+ 19. Rxd4 Nc5 20. Kf2 b5
21. Bd5 Bd7 22. e5 e6 23. Bf3 d5 24. Re2 a5 25. a3 Rc7 26. Red2 Rec8 27. Nd1 Na4
28. c3 Nc5 29. Rc2 Nb3 30. Rd3 b4 31. axb4 axb4 32. Ne3 Bb5 33. Rd1 bxc3 34.
bxc3 Rxc3 35. Rb2 Ba4 36. Rdb1 Nc5 37. Rb4 Nd3+ 38. Ke2 Nxb4 39. Rxb4 Bb3 40.
Ng4 Bc4+ 41. Kf2 d4 42. Nf6 d3 43. Ke3 Rc2 44. Ne4 Bd5 45. Nd6 Bxf3 46. gxf3
R8c3 47. Ne4 d2+ 48. Nxc3 Rxc3+ 49. Kxd2 Rxf3 50. h4 Kh6 51. Ke2 Rh3 52. Kf2
Rxh4 53. Kg3 Rh1 54. Rb7 Kg7 55. Kg4 Ra1 56. Rc7 Ra4 57. Rb7 h6 58. Kg3 g5 59.
f5 exf5 60. e6 Ra6 61. Rxf7+ Kg6 62. Re7 Kf6 63. Rh7 Ra3+ 64. Kf2 Kxe6 65. Rxh6+
Ke5 66. Rb6 g4 67. Rb4 Kf6 68. Rb8 Kg5 69. Rb5 g3+ 70. Kg2 Kg4 71. Rb8 Ra2+ 72.
Kg1 f4 73. Rb3 f3 74. Rb1 Rg2+ 75. Kh1 Rh2+ 76. Kg1 f2+ 0-1

[Event "FIDE World Blitz 2014"]
[Site "Dubai UAE"]
[Date "2014.06.20"]
[Round "13.32"]
[White "Jobava, Baadur"]
[Black "Kovalev, Vladislav"]
[Result "0-1"]
[WhiteTitle "GM"]
[BlackTitle "GM"]
[WhiteElo "2713"]
[BlackElo "2554"]
[WhiteFideId "13601520"]
[BlackFideId "13504398"]
[EventDate "2014.06.19"]

1. e4 e5 2. Nf3 Nc6 3. Bc4 Bc5 4. c3 Nf6 5. d3 O-O 6. b4 Bb6 7. a4 a6 8. O-O d6
9. Nbd2 Ne7 10. Bb3 Ng6 11. Nc4 Ba7 12. Be3 h6 13. Bxa7 Rxa7 14. Ne3 Be6 15. g3
Ra8 16. Re1 Qd7 17. a5 Rae8 18. Bxe6 fxe6 19. Nd2 Rf7 20. Kg2 Ref8 21. Rf1 Qe7
22. Rb1 Nh7 23. Qg4 Rf6 24. b5 Qf7 25. f3 Nf4+ 26. gxf4 exf4 27. Kf2 Rg6 28. Qh4
fxe3+ 29. Kxe3 e5 30. bxa6 bxa6 31. Rg1 Ng5 32. Qh5 Kh7 33. Qg4 Rf6 34. h4 Ne6
35. h5 Nf4 36. c4 c6 37. Rb6 d5 38. cxd5 cxd5 39. Rxf6 Qxf6 40. exd5 Nxd5+ 41.
Kf2 Nf4 42. Ne4 Qf7 43. Rd1 Qa7+ 44. Kf1 Qe3 45. Rd2 Nxd3 46. Re2 Qc1+ 47. Kg2
Nf4+ 48. Kf2 Nxe2 49. Kxe2 Qf4 50. Qg6+ Kh8 51. Nd2 e4 52. fxe4 Qf2+ 53. Kd1 Rd8 0-1

[Event "FIDE World Blitz 2014"]
[Site "Dubai UAE"]
[Date "2014.06.20"]
[Round "13.33"]
[White "Ganguly, Surya Shekhar"]
[Black "Ringoir, Tanguy"]
[Result "0-1"]
[WhiteTitle "GM"]
[BlackTitle "IM"]
[WhiteElo "2619"]
[BlackElo "2506"]
[WhiteFideId "5002150"]
[BlackFideId "208027"]
[EventDate "2014.06.19"]

1. e4 e5 2. Nf3 Nc6 3. Bb5 a6 4. Ba4 Nge7 5. c3 g6 6. d4 exd4 7. cxd4 b5 8. Bb3
Bg7 9. d5 Na5 10. Bc2 O-O 11. Bd2 Nc4 12. Bc3 Nxb2 13. Qc1 Nc4 14. h4 h5 15. a4
Bb7 16. Bxg7 Kxg7 17. Nc3 c6 18. Nd4 cxd5 19. g4 Qb6 20. Nce2 hxg4 21. h5 Rh8
22. h6+ Kg8 23. axb5 axb5 24. Rxa8+ Bxa8 25. Kf1 dxe4 26. Nb3 e3 27. Qa1 f6 28.
Qxa8+ Kh7 29. Qe4 Qe6 30. Qxe6 dxe6 31. Ned4 e5 32. Nxb5 Rb8 33. Nc3 Nf5 34. Nd5
Nxh6 35. Nxf6+ Kg7 36. Ne4 Nf5 37. Rg1 Na3 38. Bd1 Rb4 39. Rxg4 exf2 40. Kxf2
Nb5 41. Nbc5 Rb2+ 42. Ke1 Ne3 43. Ne6+ Kf7 44. N4g5+ Kf6 45. Re4 Ng2+ 46. Kf1
Nc3 47. Bf3 Nxe4 48. Nxe4+ Kxe6 49. Bxg2 Kf5 50. Ng3+ Kf4 51. Ne2+ Ke3 52. Nc3
Rc2 53. Nd1+ Kf4 54. Bd5 e4 55. Nf2 e3 56. Nd3+ Kg3 57. Ke1 g5 58. Be4 Ra2 59.
Bd5 Rh2 60. Nc5 Kf4 61. Ne6+ Ke5 62. Bc4 g4 63. Ng5 Rc2 64. Be2 Rc1+ 65. Bd1 Kf4
66. Ne6+ Kg3 67. Ke2 Kh2 68. Bb3 g3 69. Bd5 Ra1 70. Nf4 Ra5 71. Bf3 Ra3 72. Nd3
Ra7 73. Ne5 Re7 74. Ng4+ Kh3 75. Nxe3 Re8 76. Bg4+ Kh2 77. Bf3 Rf8 78. Nf1+ Kh3
79. Ne3 Rb8 80. Nf5 Rb2+ 81. Ke1 Rf2 82. Nxg3 Rxf3 83. Nf1 Ra3 84. Kf2 Kg4 85.
Kg1 Ra2 86. Ne3+ Kf3 87. Nf1 Ra1 88. Kh2 Rxf1 0-1

[Event "FIDE World Blitz 2014"]
[Site "Dubai UAE"]
[Date "2014.06.20"]
[Round "13.34"]
[White "Salem, A.R. Saleh"]
[Black "Gundavaa, Bayarsaikhan"]
[Result "0-1"]
[WhiteTitle "GM"]
[BlackTitle "GM"]
[WhiteElo "2581"]
[BlackElo "2501"]
[WhiteFideId "9301348"]
[BlackFideId "4901045"]
[EventDate "2014.06.19"]

1. d4 Nf6 2. c4 e6 3. Nf3 d5 4. Nc3 Bb4 5. Bg5 Nbd7 6. e3 c5 7. cxd5 exd5 8. Bd3
Qa5 9. O-O c4 10. Bf5 O-O 11. Qc2 g6 12. Bxd7 Nxd7 13. h4 f6 14. Bh6 Re8 15. h5
Kf7 16. hxg6+ hxg6 17. Ng5+ fxg5 18. f4 g4 19. f5 g5 20. f6 Rh8 21. Bg7 Rh5 22.
e4 Bxc3 23. bxc3 Qc7 24. e5 Nxe5 25. Rae1 Nf3+ 26. gxf3 Qg3+ 27. Qg2 Qxg2+ 28.
Kxg2 gxf3+ 29. Kxf3 Be6 30. Rxe6 Kxe6 31. Re1+ Kf7 32. Re7+ Kg6 33. Rxb7 Rh3+
34. Kg4 Rxc3 35. Rd7 Rc8 36. Rxd5 Rd3 37. Rxg5+ Kf7 38. Ra5 Rc7 39. Rh5 Rxd4+
40. Kf3 c3 41. Rh7 Ke6 42. Rh8 c2 43. Re8+ Kf7 44. Rf8+ Kg6 45. Bh6 Kxh6 0-1

[Event "FIDE World Blitz 2014"]
[Site "Dubai UAE"]
[Date "2014.06.20"]
[Round "13.35"]
[White "Yu, Yangyi"]
[Black "Moiseenko, Alexander"]
[Result "1-0"]
[WhiteTitle "GM"]
[BlackTitle "GM"]
[WhiteElo "2675"]
[BlackElo "2707"]
[WhiteFideId "8603820"]
[BlackFideId "14102560"]
[EventDate "2014.06.19"]

1. e4 c5 2. Nf3 Nc6 3. Nc3 e5 4. Bc4 Be7 5. d3 Nf6 6. O-O O-O 7. Bg5 d6 8. Bxf6
Bxf6 9. Nd5 g6 10. Nxf6+ Qxf6 11. h3 Be6 12. c3 Rad8 13. Bxe6 fxe6 14. a3 d5 15.
Qe2 d4 16. Rac1 dxc3 17. Rxc3 b6 18. b4 Nd4 19. Nxd4 cxd4 20. Rc7 Rf7 21. Qc2
Rdf8 22. Rc6 g5 23. Qe2 Qg6 24. Qg4 Rf6 25. Qg3 Rf4 26. Rc7 h5 27. f3 R8f7 28.
Rfc1 g4 29. hxg4 hxg4 30. Rxf7 Qxf7 31. Rc8+ Kg7 32. Qh4 Kg6 33. Qh8 1-0

[Event "FIDE World Blitz 2014"]
[Site "Dubai UAE"]
[Date "2014.06.20"]
[Round "13.36"]
[White "Efimenko, Zahar"]
[Black "Vahidov, Tair"]
[Result "0-1"]
[WhiteTitle "GM"]
[BlackTitle "GM"]
[WhiteElo "2648"]
[BlackElo "2446"]
[WhiteFideId "14107201"]
[BlackFideId "14200155"]
[EventDate "2014.06.19"]

1. e4 e5 2. Nf3 Nf6 3. Nxe5 d6 4. Nf3 Nxe4 5. d4 d5 6. Bd3 Bd6 7. O-O O-O 8. c4
c6 9. Re1 Bf5 10. Qb3 Na6 11. cxd5 cxd5 12. Nc3 Nb4 13. Bb1 Be6 14. Nb5 Be7 15.
Bf4 Na6 16. a3 Qb6 17. Bd3 Rac8 18. Rac1 h6 19. h3 Rc6 20. Ne5 Rxc1 21. Rxc1 Nd6
22. Qa4 Nxb5 23. Bxb5 Nb8 24. Rc2 Bf5 25. Bd3 Bxd3 26. Nxd3 Nc6 27. Be3 a6 28.
Nf4 Rd8 29. b4 Bg5 30. Rd2 Bxf4 31. Bxf4 Nxd4 32. Be3 Qb5 33. Qd1 Ne6 34. Bd4 a5
35. bxa5 Qxa5 36. a4 Qb4 37. g3 Ra8 38. Be3 Qxa4 39. Qxa4 Rxa4 40. Rxd5 Rb4 41.
Rd7 Rb3 42. Re7 b5 43. h4 h5 44. Rb7 Rb1+ 45. Kg2 b4 46. f4 g6 47. f5 gxf5 48.
Rb5 b3 49. Bd2 Rb2 50. Rd5 Rc2 0-1

[Event "FIDE World Blitz 2014"]
[Site "Dubai UAE"]
[Date "2014.06.20"]
[Round "13.37"]
[White "Adly, Ahmed"]
[Black "Mchedlishvili, Mikheil"]
[Result "1-0"]
[WhiteTitle "GM"]
[BlackTitle "GM"]
[WhiteElo "2594"]
[BlackElo "2632"]
[WhiteFideId "10601619"]
[BlackFideId "13600966"]
[EventDate "2014.06.19"]

1. d4 d6 2. Nf3 g6 3. c4 Bg7 4. g3 Nf6 5. Bg2 O-O 6. O-O Nbd7 7. Nc3 e5 8. h3 c6
9. b4 e4 10. Nd2 d5 11. b5 Nb6 12. bxc6 bxc6 13. c5 Nbd7 14. Qa4 Nb8 15. Nb3 Ba6
16. Bf4 Qc8 17. Na5 Nfd7 18. Bd6 Re8 19. Rab1 Bf8 20. Bf4 Bg7 21. Rfc1 h5 22. h4
Kh7 23. Bh3 f5 24. Rb3 Nf8 25. Rcb1 Nbd7 26. Nxc6 Bc4 27. Rb7 Ne6 28. Nxa7 Qd8
29. Rxd7 1-0

[Event "FIDE World Blitz 2014"]
[Site "Dubai UAE"]
[Date "2014.06.20"]
[Round "13.38"]
[White "Nielsen, Peter Heine"]
[Black "Maletin, Pavel"]
[Result "1/2-1/2"]
[WhiteTitle "GM"]
[BlackTitle "GM"]
[WhiteElo "2654"]
[BlackElo "2588"]
[WhiteFideId "1400355"]
[BlackFideId "4146786"]
[EventDate "2014.06.19"]

1. d4 Nf6 2. c4 g6 3. Nf3 Bg7 4. g3 c6 5. Bg2 d5 6. cxd5 cxd5 7. Ne5 Ne4 8. Nd2
Nd7 9. Nxd7 Qxd7 10. Nxe4 dxe4 11. Bxe4 Qxd4 12. Qxd4 Bxd4 13. O-O Bh3 14. Rd1
Rd8 15. Bh6 Bc8 16. Rd2 f6 17. Rad1 Bb6 18. Rxd8+ Bxd8 19. Rc1 Kd7 20. Bd5 Bc7
21. Rd1 Bd6 22. Bf4 Rd8 23. Bxd6 exd6 24. f4 b6 25. Rc1 Ba6 26. Kf2 f5 27. a3
Rc8 28. Rxc8 Bxc8 29. Bg8 Ke7 30. Ke3 Ba6 31. h3 h6 32. h4 Kf6 33. Kd2 Bb7 34.
Kc3 a5 35. Kd4 Bc6 36. Bd5 Bd7 37. Bb7 Be6 38. Bc6 g5 39. e3 gxh4 40. gxh4 Bf7
41. Bf3 Be6 42. b4 axb4 43. axb4 Ke7 44. Bd5 Bd7 45. Bc4 Bc6 46. Bd3 Ke6 47. b5
Be8 48. Bc4+ Ke7 49. Be2 Ke6 50. Bc4+ Ke7 51. Be2 1/2-1/2

[Event "FIDE World Blitz 2014"]
[Site "Dubai UAE"]
[Date "2014.06.20"]
[Round "13.39"]
[White "Onischuk, Vladimir"]
[Black "Andriasian, Zaven"]
[Result "0-1"]
[WhiteTitle "GM"]
[BlackTitle "GM"]
[WhiteElo "2594"]
[BlackElo "2611"]
[WhiteFideId "14114038"]
[BlackFideId "13302000"]
[EventDate "2014.06.19"]

1. Nf3 d5 2. g3 Nf6 3. Bg2 Bg4 4. b3 Nbd7 5. Bb2 c6 6. O-O e6 7. d3 Be7 8. Nbd2
O-O 9. h3 Bh5 10. e4 a5 11. a3 Ne8 12. Qe2 Nc7 13. Kh1 Re8 14. e5 c5 15. g4 Bg6
16. Nh2 f5 17. f4 a4 18. c4 Nb6 19. cxd5 Ncxd5 20. Rac1 axb3 21. Nxb3 Na4 22.
Ba1 Ra6 23. Nf3 Rf8 24. Nfd2 fxg4 25. Qxg4 Ne3 26. Qf3 Nxf1 27. Rxf1 Rb6 28. d4
cxd4 29. Nxd4 Nc5 30. Qg4 Ra6 31. Qg3 Ra4 32. Qc3 Kh8 33. Nc4 Bd3 34. Nd6 Bxf1
35. Bxf1 Bxd6 36. exd6 Ne4 37. Qf3 Nf6 38. Nxe6 Qxd6 39. Nxf8 Qxf8 40. Qxb7 Rxa3
41. Be5 Qa8 42. Qxa8+ Rxa8 43. Kg2 Ra3 44. Bc4 Nd7 45. Bd6 Rc3 46. Bf7 Rd3 47.
Bc7 Nf6 48. Be6 Ra3 49. Be5 Ne4 50. h4 h6 51. Bf5 Nf6 52. Be6 Kh7 53. Bf7 Ng4
54. Bd6 Ne3+ 55. Kf2 Rd3 56. Bb8 Ng4+ 57. Kg2 g6 58. h5 gxh5 59. Bxh5 Nf6 60.
Be2 Rb3 61. Be5 Kg6 62. Bd1 Ra3 63. Bc2+ Kf7 64. Bf5 h5 65. Bc8 Ng4 66. Bxg4
hxg4 67. f5 Rf3 68. f6 Kg6 69. Bd4 Kf5 70. Bb2 Kg5 71. Be5 Kg6 72. Bd4 Rd3 73.
Ba1 Kg5 74. Be5 Rf3 75. Bd4 Rf5 76. Kg3 Rf3+ 77. Kg2 Kg6 78. Be5 Rf5 79. Bd4 Rd5
80. Bc3 Kg5 81. Ba1 Rf5 82. Kg3 Rd5 83. Kg2 Rd2+ 84. Kg3 Rd3+ 85. Kg2 Kh4 86.
Be5 Rd2+ 87. Kf1 g3 88. Ke1 Rf2 89. Bd4 Rf5 90. Ke2 g2 0-1

[Event "FIDE World Blitz 2014"]
[Site "Dubai UAE"]
[Date "2014.06.20"]
[Round "13.40"]
[White "Ghaem Maghami, Ehsan"]
[Black "Potkin, Vladimir"]
[Result "1-0"]
[WhiteTitle "GM"]
[BlackTitle "GM"]
[WhiteElo "2582"]
[BlackElo "2621"]
[WhiteFideId "12500739"]
[BlackFideId "4131061"]
[EventDate "2014.06.19"]

1. c4 c6 2. e4 d5 3. exd5 cxd5 4. d4 Nf6 5. Nc3 e6 6. Nf3 Bb4 7. cxd5 Nxd5 8.
Bd2 O-O 9. Bd3 Nc6 10. O-O Nf6 11. Be3 b6 12. Qe2 Bb7 13. Rad1 Ne7 14. Bg5 Ng6
15. h4 Bxc3 16. bxc3 Qc7 17. Ne5 Nxe5 18. Qxe5 Qxe5 19. dxe5 Ne4 20. Bxe4 Bxe4
21. Rd4 Bc6 22. Rfd1 h6 23. Be3 Rfc8 24. c4 h5 25. f3 Kh7 26. Kf2 Rc7 27. g4
hxg4 28. fxg4 Rac8 29. Rd8 Bb7 30. Rxc8 Bxc8 31. Rc1 Bb7 32. c5 b5 33. Rd1 Bd5
34. a3 a5 35. Rb1 Bc4 36. Rc1 a4 37. Rd1 Bd5 38. Rb1 Rb7 39. Rc1 Bc6 40. Rb1 f6
41. Bd4 Rd7 42. Ke3 fxe5 43. Bxe5 Rf7 44. Ke2 Kg8 45. g5 Rf3 46. Ra1 Rh3 47. Re1
Rxh4 48. Kd2 Rg4 49. Bc3 Bd5 50. c6 Bxc6 51. Rxe6 Bf3 52. Rg6 Kf7 53. Rxg7+ Ke6
54. Ke3 Bd5 55. Bf6 Rg3+ 56. Kd4 Rxa3 57. Re7+ Kd6 58. Re5 Kc6 1-0

[Event "FIDE World Blitz 2014"]
[Site "Dubai UAE"]
[Date "2014.06.20"]
[Round "13.41"]
[White "Salgado Lopez, Ivan"]
[Black "Bartel, Mateusz"]
[Result "0-1"]
[WhiteTitle "GM"]
[BlackTitle "GM"]
[WhiteElo "2622"]
[BlackElo "2641"]
[WhiteFideId "2257327"]
[BlackFideId "1112635"]
[EventDate "2014.06.19"]

1. e4 e5 2. Nf3 Nc6 3. Bb5 a6 4. Ba4 Nf6 5. O-O Be7 6. Re1 b5 7. Bb3 O-O 8. a4
Rb8 9. axb5 axb5 10. c3 d6 11. h3 Nd7 12. d4 Bf6 13. Be3 Ne7 14. Nbd2 c5 15. Nf1
Bb7 16. Ng3 c4 17. Bc2 g6 18. dxe5 dxe5 19. Qd6 Nc8 20. Qd2 Qe7 21. Nh2 h5 22.
Bd1 Rd8 23. Bxh5 gxh5 24. Nf5 Qe6 25. Qe2 Bxe4 26. Nh6+ Kh7 27. Qxh5 Bg6 28. Qf3
Ne7 29. Ra7 e4 30. Qg3 Nf5 31. Nxf5 Bxf5 32. Ng4 Bxg4 33. hxg4 Ra8 34. g5 Bg7
35. Rb7 Rdb8 36. Rc7 Nf8 37. Bc5 Ng6 38. Ba3 Be5 39. Qe3 Bxc7 0-1

[Event "FIDE World Blitz 2014"]
[Site "Dubai UAE"]
[Date "2014.06.20"]
[Round "13.42"]
[White "Tkachiev, Vladislav"]
[Black "Al-Modiahki, Mohamad"]
[Result "0-1"]
[WhiteTitle "GM"]
[BlackTitle "GM"]
[WhiteElo "2625"]
[BlackElo "2549"]
[WhiteFideId "618438"]
[BlackFideId "12100030"]
[EventDate "2014.06.19"]

1. d4 Nf6 2. c4 e5 3. dxe5 Ng4 4. Nf3 Bc5 5. e3 Nc6 6. Be2 O-O 7. O-O Re8 8. Nc3
a5 9. Nd5 Ncxe5 10. Nd4 Nf6 11. Nxf6+ Qxf6 12. Nb5 Qd8 13. b3 Ra6 14. e4 Rae6
15. Bf4 c6 16. Nd4 Rd6 17. Nxc6 dxc6 18. Qc2 Qf6 19. Bg3 Red8 20. Rad1 Rxd1 21.
Rxd1 Rxd1+ 22. Qxd1 Bd4 23. c5 Nd7 24. Bg4 h5 25. Bxd7 Bxd7 26. e5 Qf5 27. h3
Bxc5 28. Qd2 Be6 29. Qxa5 Bf8 30. Qc7 Qb1+ 31. Kh2 Qxa2 32. Qxb7 c5 33. Qb8 Qxb3
34. Qd8 c4 35. Bh4 Qb4 36. f4 c3 37. Bg5 c2 38. Qc7 Qc5 0-1